| 000 | 004500000a22001690004500 | ||
|---|---|---|---|
| 041 | 0 | _aENG | |
| 082 | 0 | 4 | _aG 266.009 P776f |
| 100 | 1 | _aPollock, J. C. (John Charles) | |
| 245 | 1 | 0 | _aThe faith of the russian evangelicals / J. C. Pollock |
| 260 | _aNew York, USA : McGraw-Hill | ||
| 300 | _a190 Pag | ||
| 001 | 7363 | ||
| 942 | _cBK | ||
| 999 |
_c37578 _d37578 |
||
| 336 |
_atexto _btxt _2rdacontent |
||
| 337 |
_2rdamedia _asin mediación _bn |
||
| 338 |
_2rdacarrier _avolumen _bnc |
||